Fundamentals of CIM technology. Instructor's guide /

Saved in:
Bibliographic Details
Main Author: Goetsch, David L.
Format: Book
Language:English
Published: Albany, N.Y. : Delmar, c1988.
Subjects:
LEADER 01020cam a2200277 a 4500
001 c000273387
003 CARM
005 20071011100849.0
008 890313s1988 nyu 000 0 eng d
010 |a 87-25959 
019 1 |a 6237722  |5 LACONCORD2021 
020 |a 0827328451 (pbk.) 
035 |a (OCoLC)16754268  |5 LACONCORD2021 
040 |a WCX  |b eng  |c WCX  |d ABN:1 
082 0 4 |a 670.285  |2 19 
100 1 |a Goetsch, David L. 
245 1 0 |a Fundamentals of CIM technology.  |p Instructor's guide /  |c David L. Goetsch. 
246 3 |a Fundamentals of computer integrated manufacturing technology 
260 |a Albany, N.Y. :  |b Delmar,  |c c1988. 
300 |a iv, 10 p. ;  |c 28 cm. 
500 |a Cover title. 
650 0 |a Computer integrated manufacturing systems. 
650 0 |a CAD/CAM systems. 
852 8 |b CARM  |h A1:AM01C0  |i F02778  |p 0396899  |f BK 
999 f f |i 2ca1273e-bcd9-518e-b790-1fee884bbb59  |s 4631b3ea-aca1-587c-b2d9-33af7e49749e 
952 f f |p Can circulate  |a CAVAL  |b CAVAL  |c CAVAL  |d CARM 1 Store  |e F02778  |f A1:AM01C0  |h Other scheme  |i book  |m 0396899